Summa Apostolicarum decisionum, extra jus commune vagantium, quae ex variis approbatissimorum doctorum libris hucusque impressis, ... alphabetico ordine disponuntur (Registro nro. 297687)

Detalles MARC
000 -ENCABEZADO
Número de control [NR] 02376nam a22002897a 4500
005 - FECHA Y HORA DE LA ÚLTIMA TRANSACCIÓN
control field 20190906095351.0
008 - DE LONGITUD FIJA DE DATOS DE ELEMENTOS - INFORMACIÓN GENERAL
Elementos de longitud fija [NR] 141111s1722 fr ||||frd||| 001 0 latsd
040 ## - FUENTE DE CATALOGACION [NR]
Quien Cataloga Sandra Yazo
Quien Clasifica Sandra Yazo
041 0# - CODIGO DE IDIOMA [R]
Código de idioma para texto/pista de sonido o título separado [R] Latín
082 04 - NUMERO DE CLASIFICACION DECIMAL DEWEY [R]
Número de la edición [NR] 20
Número de clasificación [R] 262.9
092 ## - SIGNATURA TOPOGRAFICA LOCAL
Número de clasificación local E10N045
100 1# - ASIENTO PRINCIPAL--NOMBRE PERSONAL [NR]
ID Autoridad 65784
Nombre personal [NR] Barbosa, Agostinho
Fechas asociadas con el nombre [NR] 1590-1649
242 00 - TRADUCCION DEL TITULO POR LA AGENCIA CATALOGADORA [R]
Título [NR] Recopilación de conceptos Apostólicos no tenidos en cuenta por el derecho común. Clasificados por orden alfabético y tomados de libros de autores reconocidos
Mención de responsabilidad, etc. [NR] De Agustín Barbosa
Código de idioma del título traducido [NR] spa
245 10 - MENCION DE TITULO [NR]
Título [NR] Summa Apostolicarum decisionum, extra jus commune vagantium, quae ex variis approbatissimorum doctorum libris hucusque impressis, ... alphabetico ordine disponuntur
Mención de responsabilidad, etc. [NR] Augustini Barbosae
250 ## - MENCION DE EDICION [NR]
Mención de edición [NR] Editio ultima aucta et recognita [Última edición, aumentada y corregida]
260 ## - PUBLICACION, DISTRIBUCION, ETC. (PIE DE IMPRENTA) [R]
Lugar de publicación, distribución, etc. [R] Lugduni [Lyon] (Francia)
Nombre del editor, distribuidor, etc. [R] Sumptibus Anisson, et Posuel [A expensas de Anisson y Posuel]
Fecha de publicación, distribución, etc. [R] 1722
300 ## - DESCRIPCION FISICA [R]
Extensión [R] [10], 506, [81] páginas
Dimensiones [R] 35 x 22 cm.
500 ## - NOTA GENERAL [R]
Nota general [NR] Detalles físicos: Encuadernación rígida en cartón forrado en cuero. Lomo con nervaduras sobre costuras y adornos en dorado. Tapas con raspaduras, deterioro en bordes y esquinas, suciedad en el cuero, notorio deterioro en tapa posterior, lomos con roturas. Conserva las guardas deterioradas, la delantera con restauración antigua. Portada impresa en una sola tinta con la marca tipográfica de los impresores. Índice inicial. Licencias y permisos. Resumen del privilegio real. Cenefas y remates. Mayúsculas capitales. Texto impreso dos columnas con varios tipos y tamaños de letra. Sumarios al inicio de cada concepto y párrafos numerados. Signaturas y reclamos. Cortes pintados. Papel muy manchado por humedad y oxidación de tintas y sucio. Perforaciones de insectos
505 0# - NOTA DE CONTENIDO CON FORMATO PREESTABLECIDO [R]
Nota de contenido con formato preestablecido [NR] 733 conceptos de derecho canónico :"abbas" =abad a la palabra "usus" =uso
506 ## - NOTA DE RESTRICCIONES DE ACCESO [R]
Condiciones de acceso [NR] Consulta en sala
546 ## - NOTA DE IDIOMA [R]
Nota de idioma [NR] Texto en latín
650 #7 - ASIENTO SECUNDARIO DE MATERIA - TERMINO TEMATICO [R]
9 (RLIN) 29726
Término temático o nombre geográfico como elemento de entrada [NR] Derecho canónico
Subdivisión general [R] Obras anteriores a 1800
650 #7 - ASIENTO SECUNDARIO DE MATERIA - TERMINO TEMATICO [R]
9 (RLIN) 12710
Término temático o nombre geográfico como elemento de entrada [NR] Derecho canónico
Subdivisión de forma [R] Diccionarios
690 ## - ASUNTO AGREGADO LOCAL DE ENTRADA - TÉRMINO TEMÁTICO (OCLC, RLIN)
Acceso temático local Derecho canónico
9 (RLIN) 12710
856 41 - LOCALIZACION Y ACCESO ELECTRONICOS [R]
Identificador Uniforme del Recurso (“URI”) [R] <a href="http://books.google.com.co/books?id=ydJEAAAAcAAJ&printsec=frontcover&dq=Summa+Apostolicarum+decisionum&hl=es&sa=X&ei=f1diVJKKM4akgwS9t4II&ved=0CCQQ6AEwAQ#v=onepage&q=Summa%20Apostolicarum%20decisionum&f=false">http://books.google.com.co/books?id=ydJEAAAAcAAJ&printsec=frontcover&dq=Summa+Apostolicarum+decisionum&hl=es&sa=X&ei=f1diVJKKM4akgwS9t4II&ved=0CCQQ6AEwAQ#v=onepage&q=Summa%20Apostolicarum%20decisionum&f=false</a>
Nota dirigida al público [R] Disponible en línea
942 ## - ELEMENTOS DE ENTRADA AGREGADOS (KOHA)
Sistema de clasificación LOCAL
Tipo de ítem principal el descrito en 300a Libro
Edición 1
Clasificación E10N045
Existencias
Suprimido Perdido Sistema de clasificación Dañado No prestable Tipo de ítem específico Ubicación habitual Ubicación actual Localización Fecha de creación Forma de adquisición Costo Total préstamos Signatura topográfica Código de barras Última vez visto Ejemplar Price effective from Tipo de ítem
    LOCAL     Libro archivo Archivo Histórico Archivo Histórico Archivo histórico 11/11/2014 Donación 0.00   E10N045 L001500 11/11/2014 Ej.1 11/11/2014 Libro